000 00566nam a2200181 i 4500
001 112321
003 ES-MaACL
005 20230906185514.0
007 t|
008 061121s1925 fr |||| | spa d
100 1 _aOrtega y Gasset, Eduardo,
_d1882-1964
_987502
245 1 3 _aLa verdad sobre la dictadura
_b: España encadenada /
_cEduardo Ortega y Gasset.
260 _aParís :
_bJuan Dura,
_c1925.
300 _a338 p. ;
_c19 cm.
651 4 _aEspaña-
_xHistoria-
_y1923-1930, Dictadura.
_98281
852 _aES-MaACL
_jB-12572
999 _c112321
_d112321